000 00551nam a2200205Ia 4500
005 20250505124931.0
008 008 250505s9999 xx 000 0 eng d
037 _aReference
040 _aLCO
_beng
_cLCO
041 _aeng
_2eng
084 _aV1:5 R1
_qLCO
100 _aKannabiran, Kalpana
245 0 _aLaw justice and human Rights in India
_c Kalpana Kannabiran
260 _aHyderabad, India
_bOBS
_c2021
300 _a387
365 _aINR
_b1500
650 _aLaw
942 _cREF
_hV1:5 R1
999 _c1310737
_d1310737